|
|
|
|
| LEADER |
00631cam a2200205 a 4500 |
| 001 |
0000044282 |
| 005 |
19990610090000.0 |
| 040 |
|
|
|a mod
|
| 041 |
|
|
|a eng
|
| 020 |
0 |
0 |
|a 0030140994
|
| 090 |
0 |
0 |
|a 438.2421
|b COR
|
| 100 |
1 |
0 |
|a CORL
|h Kathryn A.
|
| 245 |
1 |
0 |
|a Sprechen wir Deutsch!
|c Kathryn A. Corl, Barbara S. Jurasek, Richard T. Jurasek
|
| 260 |
0 |
0 |
|a New York
|b Holt, Rinehart and Winston
|c 1989
|
| 300 |
0 |
0 |
|a xi, 526p.
|b ill.
|c ( )cm
|
| 650 |
0 |
0 |
|a German language
|x Grammer
|y 1950-
|
| 700 |
1 |
1 |
|a JURASEK
|h Barbara S.
|
| 700 |
1 |
1 |
|a JURASEK
|h Richard T.
|
| 852 |
0 |
0 |
|a 01
|
| 999 |
|
|
|a 0101610
|b KEMENTAH
|d BOOKS
|e Rujukan
|f Perpustakaan KEMENTAH
|j AVAILABLE
|q OLD
|